CHP : 1965-1980: (Record no. 13487)

MARC details
000 -BAŞLIK
Sabit Uzunlukta Kontrol Alanı 00882na a2200277 4500
999 ## - SİSTEM KONTROL NUMARALARI (KOHA)
Koha Biblionumber 13487
Koha Biblioitemnumber 13487
001 - KONTROL NUMARASI
Denetim Alanı 13509
003 - KONTROL NUMARASI IDENTIFIER
Denetim Alanı MIRAKIL
005 - SON İŞLEM TARİHİ VE ZAMANI
Denetim Alanı 20190919145042.0
008 - SABİT-BOY VERİ ELEMANLARI - GENEL BİLGİLER
Sabit Uzunlukta Kontrol Alanı 160828b tu 000 0
020 ## - ULUSLARARASI STANDART KİTAP NUMARASI
Uluslararası Standart Kitap Numarası 9750074475
035 ## - SİSTEM KONTROL NUMARASI
Sistem Kontrol Numarası 13509
040 ## - KATALOGLAMA KAYNAK
Orijinal Kataloglama Ajansı TR-AnCHP
Kataloglama Dili tur
Metne Dönüştürmek Ajansı TR-AnCHP
041 ## - DİL KODU
Metin / Ses Parça Veya Ayrı Başlığın Dil Kodu tur
082 ## - DEWEY ONLU SINIFLANDIRMA NUMARASI
Sınıflandırma Numarası 324.2
Ürün Numarası E75c 2006
100 ## - ANA GİRİŞ - KİŞİSEL İSİM
Kişisel Ad Esmer, Gülsüm Tütüncü
245 ## - BAŞLIK TABLOSU
Başlık CHP : 1965-1980:
Başlığın Kalan Türk siyasal yaşamında ortanın solu /
Sorumluluk Tablosu, Vb Gülsüm Tütüncü Esmer.
246 ## - UNVAN FORM VARYING
Başlık Doğru / Kısa Başlığı Türk siyasal yaşamında ortanın solu
260 ## - YAYIN, DAĞITIM, VB
Yayın, Dağıtım, Vb Yeri Antalya:
Yayıncı, Dağıtıcı, Vs Adı Yeniden Anadolu ve Rumeli Müdafaa-i Hukuk Yayınları,
Yayın, Dağıtım, Vb Tarihi 2006.
300 ## - FİZİKSEL TANIM
Kapsam 200 s.:
Diğer Fiziksel Ayrıntıları res.; grf.; tbl.,
Boyutlar 21 sm.
504 ## - KAYNAKÇA VB NOT
Kaynakça Vb Notu Kaynakça vardır.
610 ## - KONU KATMA GİRİŞ - TOPLANTI ADI
Giriş Elemanı Olarak Kurumsal Ad Veya Yargı Alanı Adı CHP
Genel Alt Bölüm Tarih
Kronolojik Alt Bölüm 1965-1980
650 ## - KONU KATMA GİRİŞ - TOPİKAL DÖNEM
Topikal Süreli Veya Coğrafi Ad Giriş Elemanı Siyasal tarih
Genel Alt Bölümü 1965-1980
Coğrafi Alt Bölümü Türkiye
650 ## - KONU KATMA GİRİŞ - TOPİKAL DÖNEM
Topikal Süreli Veya Coğrafi Ad Giriş Elemanı Siyasal partiler
Genel Alt Bölümü Tarih
Coğrafi Alt Bölümü Türkiye
942 ## - EKLENDİ GİRİŞ ELEMANLARI (KOHA)
Sınıflandırma Veya Raf Düzeni Kaynak Dewey Decimal Classification
Koha Öğesi Türü Books
999 ## - SİSTEM KONTROL NUMARALARI (KOHA)
Koha Biblioitemnumber 13487
Holdings
Kalıcı Konum Mevcut Konum Edinme Tarihi Toplam Check-Out'Lar Tam Çağrı Numarası Barkod Tarih Son Görülme İtibaren Geçerli Fiyatlar Sigara Kamu Notu Koha Öğesi Türü
Parti Okulu Kütüphanesi Parti Okulu Kütüphanesi 09/19/2019   324.2 E75c 2006 P00560 09/19/2019 09/19/2019 Ertuğrul Çepni bağışıdır. Books